[Event "SVK-chT4 A21 1516"]
[Site "Slovakia"]
[Date "2016.02.28"]
[Round "9.2"]
[White "Valla, Tomas"]
[Black "Bjel, Lubos"]
[Result "1-0"]
[WhiteElo "1818"]
[BlackElo "1780"]
[PlyCount "103"]
[EventDate "2015.10.04"]
[EventType "team-tourn"]
[EventRounds "11"]
[EventCountry "SVK"]
[SourceTitle "EXT 2017"]
[Source "ChessBase"]
[SourceDate "2016.10.25"]
[SourceVersion "1"]
[SourceVersionDate "2016.10.25"]
[SourceQuality "1"]
[WhiteTeam "Gbely Nafta II"]
[BlackTeam "Vrbove II"]
[WhiteTeamCountry "SVK"]
[BlackTeamCountry "SVK"]

1. e4 e6 2. d4 d5 3. Nc3 Bb4 4. Bd3 Bxc3+ 5. bxc3 b6 6. e5 c5 7. Qg4 g6 8. Bg5 Qc7 9. Bd2 Ba6 10. Rc1 Bxd3 11. cxd3 Nc6 12. Ne2 Nge7 13. Ng3 Rc8 14. 0-0 h5 15. Qh4 Nf5 16. Nxf5 exf5 17. e6 fxe6 18. Qf6 Kd7 19. Rfe1 Qd6 20. dxc5 bxc5 21. Rb1 Rb8 22. d4 Rxb1 23. Rxb1 Rb8 24. Rb3 c4 25. Rxb8 Qxb8 26. Qg7+ Ne7 27. g3 Qb1+ 28. Kg2 Qxa2 29. Bg5 Qa3 30. Bxe7 Qxe7 31. Qxg6 h4 32. g4 fxg4 33. Qxg4 a5 34. Qd1 Qa3 35. Qc2 Qb3 36. Qh7+ Kc6 37. Qe7 h3+ 38. Kxh3 Qxc3+ 39. Kg2 Qxd4 40. Qxe6+ Kb5 41. Qe8+ Kb4 42. Qe7+ Kb3 43. Qb7+ Ka2 44. Qb5 Qd2 45. Qa4+ Kb2 46. Qb5+ Kc2 47. Qa4+ Kd3 48. Qb5 Ke2 49. Qe8+ Kd1 50. Qa4+ Ke1 51. Qa1+ Ke2 52. Qf1# 1-0

[Event "SVK-chT4 A21 1516"]
[Site "Slovakia"]
[Date "2015.11.08"]
[Round "3.4"]
[White "Kubik, Peter"]
[Black "Bjel, Lubos"]
[Result "1/2-1/2"]
[WhiteElo "1838"]
[BlackElo "1809"]
[PlyCount "22"]
[EventDate "2015.10.04"]
[EventType "team-tourn"]
[EventRounds "11"]
[EventCountry "SVK"]
[SourceTitle "CBM 170 Extra"]
[Source "ChessBase"]
[SourceDate "2016.02.25"]
[SourceVersion "1"]
[SourceVersionDate "2016.02.25"]
[SourceQuality "1"]
[WhiteTeam "Senica SK II"]
[BlackTeam "Vrbove II"]
[WhiteTeamCountry "SVK"]
[BlackTeamCountry "SVK"]

1. e4 e6 2. d4 d5 3. Nd2 c5 4. exd5 exd5 5. Ngf3 Nf6 6. Bb5+ Bd7 7. Bxd7+ Nbxd7 8. 0-0 Be7 9. dxc5 Nxc5 10. Nd4 0-0 11. N2f3 Nce4 1/2-1/2

[Event "SVK-chT4 A21 1516"]
[Site "Slovakia"]
[Date "2015.10.04"]
[Round "1.5"]
[White "Bjel, Lubos"]
[Black "Sobek, Michal"]
[Result "0-1"]
[WhiteElo "1809"]
[BlackElo "1837"]
[PlyCount "62"]
[EventDate "2015.10.04"]
[EventType "team-tourn"]
[EventRounds "11"]
[EventCountry "SVK"]
[SourceTitle "CBM 170 Extra"]
[Source "ChessBase"]
[SourceDate "2016.02.25"]
[SourceVersion "1"]
[SourceVersionDate "2016.02.25"]
[SourceQuality "1"]
[WhiteTeam "Vrbove II"]
[BlackTeam "Stefanov"]
[WhiteTeamCountry "SVK"]
[BlackTeamCountry "SVK"]

1. e4 e5 2. Nf3 Nc6 3. Bc4 Nf6 4. Ng5 d5 5. exd5 Na5 6. d3 Nxc4 7. dxc4 Bc5 8. Be3 Bxe3 9. fxe3 Ng4 10. Nf3 e4 11. Nd4 Qg5 12. Qe2 Qxe3 13. Qxe3 Nxe3 14. Nd2 0-0 15. Kf2 Ng4+ 16. Ke2 f5 17. Raf1 Bd7 18. c5 Ne5 19. h3 Rae8 20. Ke3 Ng6 21. g3 Ne7 22. c4 Ng6 23. b4 Ne5 24. N2b3 Nxc4+ 25. Ke2 a6 26. c6 bxc6 27. dxc6 Bc8 28. Nc5 Ne5 29. Rf2 Rf6 30. Rhf1 Nxc6 31. Nxf5 Rxf5 0-1

[Event "SVK-chT3A2 1415"]
[Site "Slovakia"]
[Date "2015.03.08"]
[Round "10.2"]
[White "Fidericky, Milan"]
[Black "Bjel, Lubos"]
[Result "0-1"]
[WhiteElo "1772"]
[BlackElo "1760"]
[PlyCount "96"]
[EventDate "2014.10.19"]
[EventType "team-tourn"]
[EventRounds "11"]
[EventCountry "SVK"]
[SourceTitle "EXT 2019"]
[Source "ChessBase"]
[SourceDate "2018.10.10"]
[SourceVersion "1"]
[SourceVersionDate "2018.10.10"]
[SourceQuality "1"]

1. e4 e6 2. d4 d5 3. Nc3 Bb4 4. Bd3 c5 5. a3 Bxc3+ 6. bxc3 c4 7. Be2 dxe4 8. Bxc4 f5 9. Ne2 Nf6 10. 0-0 Nc6 11. f3 exf3 12. Rxf3 e5 13. Bg5 e4 14. Rf1 Na5 15. Ba2 h6 16. Bxf6 Qxf6 17. Nf4 g5 18. Qh5+ Kd8 19. Nd5 Qd6 20. Ne3 f4 21. Ng4 Bxg4 22. Qxg4 Rc8 23. Qf5 Nc4 24. Bxc4 Rxc4 25. Qxe4 Qc6 26. Qe5 Re8 27. Qa5+ Kc8 28. Qxa7 Ra4 29. Qc5 Qxc5 30. dxc5 Rc4 31. Rf3 Re2 32. Rc1 Rxc5 33. Kf1 Rce5 34. Rd3 g4 35. Rd4 f3 36. gxf3 gxf3 37. Rd3 f2 38. Rdd1 Kc7 39. Kg2 f1Q+ 40. Kxf1 Rxh2 41. Re1 Rxe1+ 42. Rxe1 Rh1+ 43. Kf2 Rxe1 44. Kxe1 b5 45. Ke2 Kc6 46. c4 bxc4 47. Kf3 Kb5 48. Ke4 h5 0-1

[Event "SVK-chT4A21 1415"]
[Site "Slovakia"]
[Date "2015.01.04"]
[Round "6.5"]
[White "Bendzela, Tibor"]
[Black "Bjel, Lubos"]
[Result "1/2-1/2"]
[WhiteElo "1515"]
[BlackElo "1760"]
[PlyCount "81"]
[EventDate "2014.10.12"]
[EventType "team-tourn"]
[EventRounds "11"]
[EventCountry "SVK"]
[SourceTitle "EXT 2022"]
[Source "ChessBase"]
[SourceDate "2021.10.06"]
[SourceVersion "1"]
[SourceVersionDate "2021.10.06"]
[SourceQuality "1"]
[WhiteTeam "Senica Dragon II"]
[BlackTeam "Vrbove II"]
[WhiteTeamCountry "SVK"]
[BlackTeamCountry "SVK"]

1. e4 e6 2. d4 d5 3. exd5 exd5 4. c4 c6 5. Nc3 Bb4 6. Bd2 Nf6 7. Qa4 Bxc3 8. Bxc3 0-0 9. 0-0-0 Ne4 10. Be1 Re8 11. f3 Qg5+ 12. Kb1 Nd6 13. Bd2 Qg6+ 14. Ka1 Nxc4 15. Bxc4 dxc4 16. g4 b5 17. Qa5 Qd3 18. Nh3 Qxf3 19. Ng5 Qd5 20. Rde1 Rxe1+ 21. Rxe1 Be6 22. Nxe6 fxe6 23. Qc7 Nd7 24. Rf1 Rf8 25. Re1 h6 26. g5 hxg5 27. Bxg5 Qxg5 28. Qxd7 Qd5 29. Qe7 a5 30. h4 b4 31. h5 Qxd4 32. Qxe6+ Kh7 33. Qg6+ Kh8 34. h6 c3 35. hxg7+ Qxg7 36. Rh1+ Kg8 37. Qe6+ Rf7 38. Qe8+ Qf8 39. Rg1+ Kh8 40. Rh1+ Kg7 41. Rg1+ 1/2-1/2

[Event "SVK-chT4A21 1314"]
[Site "Slovakia"]
[Date "2013.10.06"]
[Round "1.2"]
[White "Miciak, Emanuel"]
[Black "Bjel, Lubos"]
[Result "1-0"]
[WhiteElo "1896"]
[BlackElo "1754"]
[PlyCount "29"]
[EventDate "2013.10.06"]
[EventType "team-tourn"]
[EventRounds "11"]
[EventCountry "SVK"]
[SourceTitle "EXT 2022"]
[Source "ChessBase"]
[SourceDate "2021.10.06"]
[SourceVersion "1"]
[SourceVersionDate "2021.10.06"]
[SourceQuality "1"]
[WhiteTeam "Vrbove III"]
[BlackTeam "Vrbove"]
[WhiteTeamCountry "SVK"]
[BlackTeamCountry "SVK"]

1. d4 e6 2. c4 d5 3. Nf3 Nf6 4. Bg5 Be7 5. e3 Ne4 6. Bxe7 Qxe7 7. Qc2 Nc6 8. a3 0-0 9. Bd3 f5 10. Nc3 Nd6 11. cxd5 exd5 12. Nxd5 Qf7 13. Nf4 Be6 14. Ng5 Bb3 15. Qc3 1-0

[Event "SVK-chT4A21 1213"]
[Site "Slovakia"]
[Date "2013.02.03"]
[Round "8.1"]
[White "Kubis, Ivan"]
[Black "Bjel, Lubos"]
[Result "1-0"]
[WhiteElo "2013"]
[BlackElo "1668"]
[PlyCount "67"]
[EventDate "2012.10.14"]
[EventType "team-tourn"]
[EventRounds "11"]
[EventCountry "SVK"]
[SourceTitle "EXT 2022"]
[Source "ChessBase"]
[SourceDate "2021.10.06"]
[SourceVersion "1"]
[SourceVersionDate "2021.10.06"]
[SourceQuality "1"]
[WhiteTeam "Skalica II"]
[BlackTeam "Vrbove II"]
[WhiteTeamCountry "SVK"]
[BlackTeamCountry "SVK"]

1. e4 e6 2. d4 d5 3. Nc3 Bb4 4. e5 c5 5. a3 Bxc3+ 6. bxc3 Qc7 7. Nf3 Bd7 8. a4 c4 9. Ba3 Bxa4 10. Qb1 b5 11. Be2 Nc6 12. 0-0 Nge7 13. Nh4 Qa5 14. Qe1 Ng6 15. Nxg6 hxg6 16. Qd2 Rh4 17. Bc5 0-0-0 18. f4 Rdh8 19. h3 Qd8 20. Qe3 Kb7 21. Rfb1 Ka8 22. Rb2 f6 23. Bg4 f5 24. Be2 R4h6 25. Qf3 g5 26. fxg5 Qxg5 27. Kh1 Qh4 28. Bxc4 bxc4 29. Rxa4 g5 30. Kg1 Qe1+ 31. Qf1 Qxc3 32. Qa1 R8h7 33. Rb8+ Nxb8 34. Rxa7+ 1-0

[Event "SVK-chT4A21 1213"]
[Site "Slovakia"]
[Date "2013.01.20"]
[Round "7.1"]
[White "Bjel, Lubos"]
[Black "Diviak, Rastislav"]
[Result "1/2-1/2"]
[WhiteElo "1668"]
[BlackElo "2017"]
[PlyCount "53"]
[EventDate "2012.10.14"]
[EventType "team-tourn"]
[EventRounds "11"]
[EventCountry "SVK"]
[SourceTitle "EXT 2022"]
[Source "ChessBase"]
[SourceDate "2021.10.06"]
[SourceVersion "1"]
[SourceVersionDate "2021.10.06"]
[SourceQuality "1"]
[WhiteTeam "Vrbove II"]
[BlackTeam "Senica CVC II"]
[WhiteTeamCountry "SVK"]
[BlackTeamCountry "SVK"]

1. e4 d6 2. Nf3 Nf6 3. Nc3 g6 4. Bc4 Bg7 5. d3 c5 6. h3 Nc6 7. Bb5 Bd7 8. 0-0 0-0 9. Re1 Qc7 10. Bf4 a6 11. Bxc6 bxc6 12. e5 Nd5 13. Nxd5 cxd5 14. d4 c4 15. c3 Rab8 16. exd6 exd6 17. b4 Rfe8 18. a3 Qc6 19. a4 Rxe1+ 20. Qxe1 Re8 21. Qd2 Bf5 22. Re1 Qxa4 23. Bxd6 Re4 24. Ng5 Bh6 25. f4 Bxg5 26. fxg5 Qc2 27. Qxc2 1/2-1/2

[Event "SVK-chT4A21 1213"]
[Site "Slovakia"]
[Date "2012.10.28"]
[Round "2.1"]
[White "Kavon, Rastislav"]
[Black "Bjel, Lubos"]
[Result "1-0"]
[WhiteElo "1943"]
[BlackElo "1668"]
[PlyCount "79"]
[EventDate "2012.10.14"]
[EventType "team-tourn"]
[EventRounds "11"]
[EventCountry "SVK"]
[SourceTitle "EXT 2022"]
[Source "ChessBase"]
[SourceDate "2021.10.06"]
[SourceVersion "1"]
[SourceVersionDate "2021.10.06"]
[SourceQuality "1"]
[WhiteTeam "Modranka Komplet Juniors"]
[BlackTeam "Vrbove II"]
[WhiteTeamCountry "SVK"]
[BlackTeamCountry "SVK"]

1. e4 e6 2. d4 d5 3. e5 c5 4. c3 Nc6 5. Nf3 cxd4 6. cxd4 Bb4+ 7. Nc3 Nge7 8. Bd3 Qb6 9. 0-0 Bd7 10. Bc2 Nf5 11. Bxf5 exf5 12. Nxd5 Qa5 13. Nxb4 Qxb4 14. b3 Be6 15. d5 0-0-0 16. Bd2 Rxd5 17. Bxb4 Rxd1 18. Rfxd1 Nxb4 19. a3 Nc6 20. b4 a6 21. Rac1 Re8 22. Nd4 Kc7 23. Nxe6+ fxe6 24. f4 h6 25. Kf2 Rd8 26. Rxd8 Kxd8 27. Rc3 g5 28. g3 Ne7 29. h4 Nd5 30. Rc4 g4 31. Ke2 h5 32. Kd3 Kd7 33. a4 b5 34. axb5 axb5 35. Rc5 Nxb4+ 36. Kd2 Nd5 37. Rxb5 Kc7 38. Kd3 Ne7 39. Kc4 Nd5 40. Rxd5 1-0

[Event "SVK-chT4A21 1213"]
[Site "Slovakia"]
[Date "2012.10.14"]
[Round "1.1"]
[White "Bjel, Lubos"]
[Black "Kovarik, Otto"]
[Result "0-1"]
[WhiteElo "1668"]
[BlackElo "1979"]
[PlyCount "74"]
[EventDate "2012.10.14"]
[EventType "team-tourn"]
[EventRounds "11"]
[EventCountry "SVK"]
[SourceTitle "EXT 2022"]
[Source "ChessBase"]
[SourceDate "2021.10.06"]
[SourceVersion "1"]
[SourceVersionDate "2021.10.06"]
[SourceQuality "1"]
[WhiteTeam "Vrbove II"]
[BlackTeam "Kopcany"]
[WhiteTeamCountry "SVK"]
[BlackTeamCountry "SVK"]

1. e4 c5 2. Nc3 e6 3. d3 Nc6 4. g3 Nf6 5. Bg2 Be7 6. Nf3 d6 7. Bg5 h6 8. Bxf6 Bxf6 9. Qd2 0-0 10. 0-0 Rb8 11. a4 a6 12. Rab1 Bd7 13. Ne2 Qc7 14. c4 b5 15. b3 bxa4 16. bxa4 Nb4 17. d4 Bxa4 18. Ra1 Bc6 19. e5 Be7 20. exd6 Bxd6 21. dxc5 Bxc5 22. Nf4 Rbd8 23. Qc3 a5 24. Rfd1 Qb6 25. Nh5 f6 26. Rxd8 Qxd8 27. Bh3 Re8 28. Re1 e5 29. Nh4 Qd3 30. Qc1 Qd4 31. Re2 Nd3 32. Qc2 Be4 33. Rxe4 Qxe4 34. Bf5 Bxf2+ 35. Kf1 Qh1+ 36. Ke2 e4 37. Qd2 Nc1+ 0-1

[Event "SVK-chT3A2 1011"]
[Site "Slovakia"]
[Date "2011.02.27"]
[Round "9.8"]
[White "Bjel, Lubos"]
[Black "Fidericky, Milan"]
[Result "0-1"]
[WhiteElo "1665"]
[BlackElo "1835"]
[PlyCount "130"]
[EventDate "2010.10.17"]
[EventType "team-tourn"]
[EventRounds "11"]
[EventCountry "SVK"]
[SourceTitle "EXT 2019"]
[Source "ChessBase"]
[SourceDate "2018.10.10"]
[SourceVersion "1"]
[SourceVersionDate "2018.10.10"]
[SourceQuality "1"]
[WhiteTeam "Vrbove"]
[BlackTeam "Senica SK"]
[WhiteTeamCountry "SVK"]
[BlackTeamCountry "SVK"]

1. e4 e5 2. Nf3 Nf6 3. Bc4 Nxe4 4. Nxe5 d5 5. Qf3 Be6 6. d3 Nf6 7. Bb3 Be7 8. d4 Nbd7 9. Nc3 c6 10. h3 Qb6 11. Be3 h6 12. 0-0 0-0 13. Nxd7 Nxd7 14. Qg3 Kh7 15. Ne2 f5 16. Bf4 Qd8 17. Bc7 Qe8 18. Nf4 Bf7 19. Rfe1 Nf6 20. Ne6 Bxe6 21. Rxe6 Qf7 22. Rae1 Ne4 23. Qe5 Bf6 24. Qxf5+ g6 25. Rxf6 Nxf6 26. Qf4 Ne4 27. Qxf7+ Rxf7 28. f3 Nd2 29. Be5 Nxb3 30. axb3 Re8 31. Kf2 Rfe7 32. g4 g5 33. Re3 Kg6 34. b4 a6 35. b3 b6 36. c4 dxc4 37. bxc4 c5 38. bxc5 bxc5 39. Ra3 Re6 40. Kg3 cxd4 41. Bxd4 Rc6 42. h4 gxh4+ 43. Kxh4 Ra8 44. c5 a5 45. f4 a4 46. f5+ Kh7 47. Kh5 Ra7 48. Be5 Re7 49. Bd6 Re1 50. Kh4 Ra6 51. f6 Kg6 52. Be7 Re4 53. Rf3 Kf7 54. Ra3 Rb4 55. c6 Rc4 56. Kh5 Raxc6 57. Kxh6 Rxg4 58. Kh5 Rcc4 59. Rd3 Rgd4 60. Rh3 Rd5+ 61. Kh6 Rc8 62. Kh7 Rg5 63. Rh4 Rg3 64. Bd6 Rgg8 65. Kh6 Rh8+ 0-1